000 00918cab a2200265 4500
001 ABS47125
008 090401t1992 xxu||||| |||| 00| 0 eng d
035 _a(Sirsi) u60891
041 _aeng
100 _aStones, A.
245 _aRevising the Essex Design Guide
260 _c1992
350 _a0
490 _aUrban Design Quarterly
_v(44) September 1992, 17-19(3)
520 _aTwenty years after publication, the Essex Design Guide is being revised. One of its instigators is working on the new edition and he writes here about the changes in planning policy and housing provision which it is to incorporate.
650 _aDESIGN GUIDES
650 _aLOCAL DEVELOPMENT PLANS
650 _aSPECULATIVE HOUSING
650 _aSTARTER HOMES
650 _aSUPPLEMENTARY PLANNING GUIDANCE
650 _aTARMAC HOMES ESSEX
690 _aPLANNING LAW AND PRACTICE
942 _n0
948 _c04/03/1997
999 _c37650
_d37650